Theorizing A New Agenda for Architecture an anthology of theory architecture (Record no. 5778)
[ view plain ]
| 000 -LEADER | |
|---|---|
| fixed length control field | 00324nam a2200109Ia 4500 |
| 008 - FIXED-LENGTH DATA ELEMENTS--GENERAL INFORMATION | |
| fixed length control field | 200302s9999 xx 000 0 und d |
| 100 ## - MAIN ENTRY--PERSONAL NAME | |
| Personal name | Kate Nesbitt ed., |
| 245 ## - TITLE STATEMENT | |
| Title | Theorizing A New Agenda for Architecture an anthology of theory architecture |
| 260 ## - PUBLICATION, DISTRIBUTION, ETC. | |
| Name of publisher, distributor, etc. | Princeton Architectural Press |
| 260 ## - PUBLICATION, DISTRIBUTION, ETC. | |
| Date of publication, distribution, etc. | 1996 |
| 300 ## - PHYSICAL DESCRIPTION | |
| Extent | 606 P., |
| Withdrawn status | Lost status | Damaged status | Not for loan | Permanent Location | Current Location | Date acquired | Cost, normal purchase price | Total Checkouts | Full call number | Barcode | Date last seen | Date last checked out | Price effective from | Koha item type | Source of classification or shelving scheme |
|---|---|---|---|---|---|---|---|---|---|---|---|---|---|---|---|
| BMS College of Architecture, Design and Planning | BMS College of Architecture, Design and Planning | 2020-03-03 | 1751.25 | 1 | 720.1 | CL-PG58417 | 2024-05-09 | 2024-02-13 | 2020-03-03 | PG Books from CL | |||||
| BMS College of Architecture, Design and Planning | BMS College of Architecture, Design and Planning | 2021-02-23 | 2 | 720.1 NES | AR-PG423 | 2024-12-09 | 2024-11-26 | 2020-03-03 | PG Books |